[Event "AUTO-MASTER-3272"]
[Site "http://www.queenalice.com/game.php?id=1865955"]
[Date "2025.11.21"]
[Round "2"]
[White "CCapivara"]
[Black "alvm"]
[Result "0-1"]
[WhiteElo "2304"]
[BlackElo "2163"]

1. e4 c6 2. d4 d5 3. exd5 cxd5 4. Nf3 Nc6 5. Bd3 Nf6 6. O-O Bg4 7. c3 e6 8. Bg5
Be7 9. Nbd2 O-O 10. Qa4 h6 11. Bh4 Bxf3 12. Nxf3 a6 13. Rae1 b5 14. Qd1 Qc7 15.
Ne5 Nxe5 16. dxe5 Nh7 17. Bxe7 Qxe7 18. f4 Rfd8 19. a3 Nf8 20. Qh5 d4 21. f5
exf5 22. Qxf5 dxc3 23. bxc3 Rac8 24. a4 bxa4 25. Bxa6 Rxc3 26. Re4 Qa7+ 27. Kh1
Qxa6 28. Qxf7+ Kh8 29. e6 Nxe6 30. Rxe6 Qd3 31. Re7 Qd4 32. h3 a3 33. Re8+ Rxe8
34. Qxe8+ Kh7 35. Qe2 Re3 36. Qc2+ Qd3 37. Qxd3+ Rxd3 38. Kh2 Rd2 39. Rf8 Kg6
40. Ra8 a2 41. Kg3 Kf5 42. Kf3 Ke5 43. g4 Kd4 44. h4 Kc3 45. Kf4 Kb2 46. Rb8+
Ka1 47. Kf5 Rb2 48. Re8 Rf2+ 49. Kg6 Rf4 50. Re1+ Kb2 51. Re2+ Kc1 52. Re1+ Kd2
53. Rg1 Rxg4+ 54. Rxg4 a1=Q 55. Kh7 Qf6 56. Rxg7 h5 57. Rg5 Ke3 58. Rxh5 Kf4 59.
Rg5 Qf8 60. Rg6 Qe7+ 61. Rg7 Qxh4+ 62. Kg6 Ke5 63. Kf7 Qh6 64. Rg6 Qh7+ 65. Rg7
Qh5+ 66. Ke7 Qh6 67. Rf7 Qd6+ 68. Ke8 Qb8+ 69. Ke7 Qc8 70. Rg7 Qc7+ 71. Kf8 Qd8+
72. Kf7 Qf6+ 73. Kg8 Ke6 74. Kh7 Qh4+ 75. Kg6 Qe4+ 76. Kg5 Qf3 77. Kg6 Qh3 78.
Rh7 Qg4+ 79. Kh6 Kf6 0-1

[Event "AUTO-ELITE-2601"]
[Site "http://www.queenalice.com/game.php?id=1866022"]
[Date "2025.11.22"]
[Round "1"]
[White "raulzampronha"]
[Black "alvm"]
[Result "1-0"]
[WhiteElo "2265"]
[BlackElo "2182"]

1. e4 c6 2. d4 d5 3. e5 Bf5 4. Nc3 e6 5. g4 Bg6 6. Nge2 h6 7. Nf4 Bh7 8. Be3 Nd7
9. Qd2 a6 10. Nh5 c5 11. dxc5 Nxe5 12. Be2 Rc8 13. O-O-O Nf6 14. Nxf6+ Qxf6 15.
f4 Nd7 16. f5 Bxc5 17. Rhf1 Bxe3 18. Qxe3 O-O 19. fxe6 Qxe6 20. Qd4 Rxc3 21.
Qxc3 Nb6 22. Bd3 Bxd3 23. Rxd3 Qxg4 24. Qd4 Qg5+ 25. Kb1 f6 26. Qxb6 1-0

[Event "AUTO-ELITE-2601"]
[Site "http://www.queenalice.com/game.php?id=1866023"]
[Date "2025.11.22"]
[Round "1"]
[White "alvm"]
[Black "raulzampronha"]
[Result "0-1"]
[WhiteElo "2192"]
[BlackElo "2267"]

1. d4 d5 2. c4 e6 3. Nc3 Nf6 4. Bg5 Be7 5. e3 O-O 6. Nf3 b6 7. cxd5 exd5 8. Bd3
Ba6 9. O-O Bxd3 10. Qxd3 Re8 11. Rac1 c6 12. Rfe1 Ne4 13. Bxe7 Qxe7 14. Ne5 f6
15. Nf3 Nd7 16. h3 Qd6 17. Nd2 Nxc3 18. bxc3 c5 19. c4 Rad8 20. Nb3 dxc4 21.
Qxc4+ Kh8 22. Rcd1 cxd4 23. Rxd4 Ne5 24. Qc2 Qc6 25. Qf5 Rxd4 26. exd4 Nf3+ 27.
Kf1 Rxe1# 0-1

[Event "AUTO-OPEN-4626"]
[Site "http://www.queenalice.com/game.php?id=1866069"]
[Date "2025.11.24"]
[Round "1"]
[White "alvm"]
[Black "ChessColossos"]
[Result "1-0"]
[WhiteElo "2151"]
[BlackElo "1584"]

1. d4 e6 2. c4 Bb4+ 3. Bd2 Qe7 4. Nf3 Nf6 5. a3 Bxd2+ 6. Qxd2 O-O 7. Nc3 a6 8.
e4 b6 9. e5 Ng4 10. h3 Nh6 11. Bd3 Bb7 12. O-O-O Nc6 13. Ng5 Nf5 14. Bxf5 exf5
15. h4 Na5 16. Qd3 g6 17. Kc2 Bxg2 18. Rh2 Bb7 19. Rg1 h6 20. Nf3 Bxf3 21. Qxf3
Nxc4 22. h5 g5 23. Qxf5 Qe6 24. Qd3 b5 25. f4 f5 26. fxg5 hxg5 27. Rxg5+ Kf7 28.
Rxf5+ Ke7 29. Rxf8 Rxf8 30. h6 Rh8 31. h7 Kf7 32. Ne4 Kg7 33. Qg3+ Qg6 34. Qxg6+
Kxg6 35. Nc5 Rxh7 36. Rxh7 Kxh7 37. Nxd7 1-0

[Event "AUTO-OPEN-4626"]
[Site "http://www.queenalice.com/game.php?id=1866070"]
[Date "2025.11.24"]
[Round "1"]
[White "ChessColossos"]
[Black "alvm"]
[Result "0-1"]
[WhiteElo "1582"]
[BlackElo "2152"]

1. e4 Nf6 2. Nc3 d5 3. exd5 Nxd5 4. Nxd5 Qxd5 5. c4 Qd8 6. Nf3 c5 7. Be2 Nc6 8.
O-O g6 9. b3 Bg7 10. Rb1 O-O 11. h3 Bf5 12. d3 Nb4 13. a3 Nxd3 14. Nh4 Nxf2 15.
Qxd8 Nxh3+ 16. gxh3 Rfxd8 17. Nxf5 gxf5 18. Rxf5 Rd6 19. Bf4 Re6 20. Bf3 Rd8 21.
Bd5 Rf6 22. Rxf6 Bxf6 23. Bxb7 Rd3 24. Bg2 e6 25. Bf1 Rd4 26. Be3 Re4 27. Bxc5
a6 28. Bg2 Rf4 29. Bf2 Be7 30. c5 Rf5 31. c6 Bd6 32. Bb6 Rb5 33. c7 Bxc7 34.
Bxc7 a5 35. a4 Rg5 36. b4 axb4 0-1

[Event "AUTO-OPEN-4618"]
[Site "http://www.queenalice.com/game.php?id=1868612"]
[Date "2026.1.28"]
[Round "2"]
[White "IranSilva"]
[Black "alvm"]
[Result "1-0"]
[WhiteElo "2149"]
[BlackElo "2186"]

1. d4 Nf6 2. c4 e6 3. Nc3 d5 4. e3 Be7 5. Nf3 O-O 6. Bd3 Nbd7 7. O-O b6 8. cxd5
exd5 9. Bd2 Bb7 10. Rc1 c5 11. b3 Rc8 12. Na4 Ne4 13. dxc5 bxc5 14. Bc3 Nxc3 15.
Nxc3 Nf6 16. Bf5 Rb8 17. Qe2 g6 18. Bh3 Qb6 19. Na4 Qa5 20. Ne5 Ba6 21. Qf3 Bxf1
22. Nc6 Qd2 23. Nxe7+ Kg7 24. Rxf1 Qxa2 25. Nxc5 Rbd8 26. Nc6 Rd6 27. Nd4 Re8
28. Qf4 Rb6 29. Nd3 a5 30. Ne5 a4 31. bxa4 Re7 32. Qg5 Qxa4 33. Nf5+ Kf8 34.
Nxe7 Kxe7 35. Ng4 h5 36. Nxf6 Rxf6 37. Qe5+ 1-0

[Event "AUTO-OPEN-4618"]
[Site "http://www.queenalice.com/game.php?id=1868613"]
[Date "2026.1.28"]
[Round "2"]
[White "alvm"]
[Black "IranSilva"]
[Result "0-1"]
[WhiteElo "2200"]
[BlackElo "2136"]

1. d4 d5 2. c4 c6 3. Nc3 Nf6 4. a4 Bf5 5. Bf4 e6 6. e3 Bd6 7. Bxd6 Qxd6 8. Nf3
Qb4 9. cxd5 exd5 10. Qd2 O-O 11. Ne5 Nbd7 12. Be2 Nxe5 13. dxe5 Nd7 14. f4 Nc5
15. O-O Nb3 16. Qe1 Nxa1 17. Qxa1 f6 18. exf6 Rxf6 19. Qc1 Re8 20. Qd2 Rfe6 21.
Rf3 Bg4 22. Rg3 Bxe2 23. Qxe2 d4 24. Qg4 Rg6 25. Qd7 Qe7 26. Qxd4 Rxg3 27. hxg3
Qxe3+ 28. Qxe3 Rxe3 29. Kf2 Rd3 30. g4 Rd2+ 31. Kf3 Rxb2 32. Ne4 Rb3+ 33. Kf2
Rb4 34. Ke3 Rxa4 0-1

[Event "AUTO-OPEN-4618"]
[Site "http://www.queenalice.com/game.php?id=1868616"]
[Date "2026.1.28"]
[Round "2"]
[White "Capixabba789"]
[Black "alvm"]
[Result "0-1"]
[WhiteElo "1895"]
[BlackElo "2146"]

1. d4 Nf6 2. c4 e6 3. Nc3 d5 4. cxd5 exd5 5. f4 Be7 6. Nf3 O-O 7. e3 Bg4 8. Bd3
Nc6 9. O-O Re8 10. Qe1 Bb4 11. Bd2 Bxf3 12. Rxf3 Nxd4 13. Rh3 Nc6 14. Qh4 h6 15.
Rf1 d4 16. exd4 Qxd4+ 17. Kh1 Be7 18. Qg3 Kf8 19. Be3 Qxd3 20. Qf3 Rad8 21. Qf2
Ng4 22. Qg1 Nxe3 23. Rxe3 Qf5 0-1

[Event "AUTO-OPEN-4618"]
[Site "http://www.queenalice.com/game.php?id=1868617"]
[Date "2026.1.28"]
[Round "2"]
[White "alvm"]
[Black "Capixabba789"]
[Result "1-0"]
[WhiteElo "2168"]
[BlackElo "1839"]

1. d4 d5 2. c4 e6 3. Nc3 Nf6 4. Bg5 Be7 5. e3 O-O 6. Nf3 Bd7 7. cxd5 Nxd5 8.
Bxe7 Qxe7 9. Bd3 Nc6 10. O-O f5 11. a3 Nf6 12. Qb3 Kh8 13. Qxb7 Rab8 14. Qxc7
Rxb2 15. Na4 Rbb8 16. Nc5 Rfc8 17. Qg3 Be8 18. Ne5 Nxe5 19. Qxe5 Ng4 20. Qxe6
Qh4 21. h3 Nh6 22. Bxf5 Nxf5 23. Qxf5 Bg6 24. Qd7 Rd8 25. Qxa7 Ra8 26. Qc7 Qg5
27. Ne6 Qf6 28. Nxd8 Rxd8 29. a4 h6 30. a5 1-0